000
00329nam a2200133Ia 4500
003
GCL
008
140319s9999 xx 000 0 ara d
040
_a
GCL /
_c
GCL
082
0
4
_a
240
_b
د ك
245
1
0
_a
كتاب دلائل التوحيد
260
_a
[S.N] :
_b
دار الكتب المصرية
300
_a
194 ص
490
_a
999
_c
59109
_d
59109